| 000 | 01285nam2a2200253 i 4500 | ||
|---|---|---|---|
| 001 | RU\NLR\BIBL_A\010704380 | ||
| 005 | 20240728143846.0 | ||
| 010 |
_a9785858799665 _9200 |
||
| 021 |
_aRU _b2015-5855 _9368 |
||
| 035 | _a(NLR Aleph) 010704380 | ||
| 090 |
_a9735640 _c9735640 |
||
| 100 | _a20130121d2014 u y0rusy50 ca | ||
| 101 | 0 | _arus | |
| 102 | _aRU | ||
| 105 | _aac z|||000zy | ||
| 200 | 1 | _aПлесецкий район Архангельской области в 1980-1991 гг. | |
| 210 | _d2014 | ||
| 215 |
_a133, [2] с., [16] л. ил. _cпортр. |
||
| 320 | _aБиблиогр.: с. 122-134 (491 назв.) | ||
| 461 | 0 |
_1001RU\NLR\BIBL_A\010711888 _12000#$aИстория земли Плесецкой$fН.А. Макаров$vКн. 2 _1700#1$3RU\NLR\AUTH\7742837$aМакаров$bН. А.$cканд. ист. наук, историк-архивист, краевед$f1952-2013$gНиколай Александрович$4070 _99775949 _aМакаров, Н. А. (канд. ист. наук, историк-архивист, краевед ; 1952-2013) _cАрхангельск _d2014 _fН.А. Макаров _nПравда Севера _tИстория земли Плесецкой _vКн. 2 |
|
| 942 | _cBOOK | ||
| 980 | _aNBR | ||